000 00752nam a22002057a 4500
005 20170612153821.0
020 _a9788131529683
_c695.00
035 _aB-669704
037 _bAsian Book Centre/Ven
_adpl
082 _a510
100 _aSharma, B.M.
245 _aPhysics for joint entrance examination JEE (Advanced) :
_cby G.Tewani
_bmechanics /
250 _a2nd ed
260 _c2016
_aDelhi
_bCengage Learning
270 _a418,F.I.E.,Patparganj
_bDelhi
_e110092
300 _c27cm(pbk)
_avarious pagings :
_bill.
490 _aCengage Learning's exam crack series
942 _cEN
_2ddc
_mTEW
_h510
999 _c141013
_d141013